Property development (Record no. 93726)
[ view plain ]
| 000 -LEADER | |
|---|---|
| fixed length control field | 00971cam a2200313 4500 |
| 008 - FIXED-LENGTH DATA ELEMENTS--GENERAL INFORMATION | |
| fixed length control field | 090401t1995 xxu||||| |||| 00| 0 eng d |
| 020 ## - INTERNATIONAL STANDARD BOOK NUMBER | |
| International Standard Book Number | 0419202404 |
| 035 ## - SYSTEM CONTROL NUMBER | |
| System control number | (Sirsi) u56128 |
| 041 ## - LANGUAGE CODE | |
| Language code of text/sound track or separate title | eng |
| 050 ## - LIBRARY OF CONGRESS CALL NUMBER | |
| Classification number | 333.33 |
| 100 ## - MAIN ENTRY--PERSONAL NAME | |
| Personal name | Cadman, David |
| 245 ## - TITLE STATEMENT | |
| Title | Property development |
| 250 ## - EDITION STATEMENT | |
| Edition statement | 4th ed. |
| 260 ## - PUBLICATION, DISTRIBUTION, ETC. | |
| Place of publication, distribution, etc. | London |
| Name of publisher, distributor, etc. | E & F N Spon |
| Date of publication, distribution, etc. | 1995 |
| 300 ## - PHYSICAL DESCRIPTION | |
| Extent | x, 310p.; 24cm. |
| 350 ## - PRICE (NR) (BK AM CF MU VM SE) [OBSOLETE] | |
| Price | 16.99 |
| 520 ## - SUMMARY, ETC. | |
| Summary, etc. | New edition of an introductory text on the commercial property development process aimed at students. Includes chapters on develoment finance, planning and market research. |
| 520 ## - SUMMARY, ETC. | |
| Summary, etc. | Superseded by 5th ed. (ISBN 0415430631). |
| 650 ## - SUBJECT ADDED ENTRY--TOPICAL TERM | |
| Topical term or geographic name entry element | DEVELOPMENT APPRAISAL |
| 650 ## - SUBJECT ADDED ENTRY--TOPICAL TERM | |
| Topical term or geographic name entry element | DEVELOPMENT LAND |
| 650 ## - SUBJECT ADDED ENTRY--TOPICAL TERM | |
| Topical term or geographic name entry element | MARKET RESEARCH |
| 650 ## - SUBJECT ADDED ENTRY--TOPICAL TERM | |
| Topical term or geographic name entry element | PROPERTY DEVELOPMENT |
| 650 ## - SUBJECT ADDED ENTRY--TOPICAL TERM | |
| Topical term or geographic name entry element | PROPERTY FINANCE |
| 650 ## - SUBJECT ADDED ENTRY--TOPICAL TERM | |
| Topical term or geographic name entry element | RISK ASSESSMENT |
| 690 ## - LOCAL SUBJECT ADDED ENTRY--TOPICAL TERM (OCLC, RLIN) | |
| Topical term or geographic name as entry element | PROPERTY-COMMERCIAL PROPERTY |
| 700 ## - ADDED ENTRY--PERSONAL NAME | |
| Personal name | Topping, Rosalyn |
| 942 ## - ADDED ENTRY ELEMENTS (KOHA) | |
| Suppress in OPAC | 0 |
| 948 ## - LOCAL PROCESSING INFORMATION (OCLC); SERIES PART DESIGNATOR (RLIN) | |
| c (OCLC) | 04/03/1997 |
| Withdrawn status | Lost status | Damaged status | Not for loan | Home library | Current library | Shelving location | Date acquired | Cost, normal purchase price | Total Checkouts | Full call number | Barcode | Date last seen | Date last checked out | Copy number | Cost, replacement price | Price effective from | Koha item type | Source of classification or shelving scheme |
|---|---|---|---|---|---|---|---|---|---|---|---|---|---|---|---|---|---|---|
| Missing | London | London | Missing | 17/11/1995 | 16.99 | 2 | RESERVE | 30046831 | 06/08/2019 | 14/02/2000 | 1 | 16.99 | 06/08/2019 | Reference material | ||||
| London | London | Basement | 19/04/2001 | 17.99 | 65 | RESERVE | 30063915 | 06/08/2019 | 07/11/2008 | 3 | 17.99 | 06/08/2019 | Book | Dewey Decimal Classification |